00274nam a22000977a 450000500170000000800410001702000180005804000080007624500410008426000510012520200903105810.0200903b ||||| |||| 00| 0 eng d a9780176035457 cCML aInformation Management.cStewart, W. aCanadabA Division of Thomson Canada Ltdc1990